<?xml version="1.0" encoding="UTF-8"?>
<collection xmlns="http://www.loc.gov/MARC21/slim">
    <record>
        <controlfield tag="001">65621</controlfield>
        <controlfield tag="005">20180911133101.0</controlfield>
        <datafield tag="024" ind1="8" ind2=" ">
            <subfield code="2">sideral</subfield>
            <subfield code="a">102139</subfield>
        </datafield>
        <datafield tag="037" ind1=" " ind2=" ">
            <subfield code="a">ART-2018-102139</subfield>
        </datafield>
        <datafield tag="041" ind1=" " ind2=" ">
            <subfield code="a">spa</subfield>
        </datafield>
        <datafield tag="100" ind1=" " ind2=" ">
            <subfield code="0">(orcid)0000-0002-8672-0353</subfield>
            <subfield code="a">Corella, C</subfield>
            <subfield code="u">Universidad de Zaragoza</subfield>
        </datafield>
        <datafield tag="245" ind1=" " ind2=" ">
            <subfield code="a">Cumplimiento de las recomendaciones de práctica de actividad física en función de los cutoffs points y el género en estudiantes universitarios españoles</subfield>
        </datafield>
        <datafield tag="260" ind1=" " ind2=" ">
            <subfield code="c">2018</subfield>
        </datafield>
        <datafield tag="506" ind1="0" ind2=" ">
            <subfield code="a">Access copy available to the general public</subfield>
            <subfield code="f">Unrestricted</subfield>
        </datafield>
        <datafield tag="520" ind1="3" ind2=" ">
            <subfield code="a">Los principales objetivos de este estudio fueron: a) estudiar los niveles de actividad física (AF) según los diferentes puntos de corte utilizados y el género; b) analizar el cumplimiento de las diferentes recomendaciones internacionales de AF según el género y puntos de corte. 95 universitarios, 33 hombres y 62 mujeres (21, 96 años + 2,33) llevaron acelerómetro para medir sus niveles de AF utilizando puntos de corte uniaxiales y triaxiales. Los resultados señalan mayores niveles de AF en los hombres para la AF vigorosa, pero no en la moderada. La mayoría de la muestra cumple con las recomendaciones de AF moderada, sin embargo, en la AF vigorosa el cumplimiento es bajo. El análisis de la AF con puntos de corte triaxiales son mayores a los uniaxiales, así como un mayor porcentaje de cumplimiento cuando se utilizan las recomendaciones establecidas por la Physical Activity Guidelines Advisory y la World Health Organization.</subfield>
        </datafield>
        <datafield tag="540" ind1=" " ind2=" ">
            <subfield code="9">info:eu-repo/semantics/openAccess</subfield>
            <subfield code="a">by</subfield>
            <subfield code="u">http://creativecommons.org/licenses/by/3.0/es/</subfield>
        </datafield>
        <datafield tag="655" ind1=" " ind2="4">
            <subfield code="a">info:eu-repo/semantics/article</subfield>
            <subfield code="v">info:eu-repo/semantics/publishedVersion</subfield>
        </datafield>
        <datafield tag="700" ind1=" " ind2=" ">
            <subfield code="0">(orcid)0000-0002-9761-1953</subfield>
            <subfield code="a">Zaragoza Casterad, Javier</subfield>
            <subfield code="u">Universidad de Zaragoza</subfield>
        </datafield>
        <datafield tag="700" ind1=" " ind2=" ">
            <subfield code="0">(orcid)0000-0002-9208-4824</subfield>
            <subfield code="a">Abarca-Sos, A.</subfield>
            <subfield code="u">Universidad de Zaragoza</subfield>
        </datafield>
        <datafield tag="710" ind1="2" ind2=" ">
            <subfield code="1">3001</subfield>
            <subfield code="2">187</subfield>
            <subfield code="a">Universidad de Zaragoza</subfield>
            <subfield code="b">Dpto. Expres.Music.Plást.Corp.</subfield>
            <subfield code="c">Área Didáctica Expres.Corporal</subfield>
        </datafield>
        <datafield tag="710" ind1="2" ind2=" ">
            <subfield code="1">0</subfield>
            <subfield code="2">X</subfield>
            <subfield code="a">Universidad de Zaragoza</subfield>
            <subfield code="b">Área de Servicios</subfield>
            <subfield code="c">Actividades Culturales Deport.</subfield>
        </datafield>
        <datafield tag="773" ind1=" " ind2=" ">
            <subfield code="g">7, 1 (2018), 9-18</subfield>
            <subfield code="p">Sport TK</subfield>
            <subfield code="t">Sport TK</subfield>
            <subfield code="x">2254-4070</subfield>
        </datafield>
        <datafield tag="856" ind1="4" ind2="1">
            <subfield code="u">http://revistas.um.es/sportK/article/view/321821</subfield>
            <subfield code="z">Texto completo de la revista</subfield>
        </datafield>
        <datafield tag="856" ind1="4" ind2=" ">
            <subfield code="s">170979</subfield>
            <subfield code="u">http://zaguan.unizar.es/record/65621/files/texto_completo.pdf</subfield>
            <subfield code="y">Versión publicada</subfield>
        </datafield>
        <datafield tag="856" ind1="4" ind2=" ">
            <subfield code="s">114125</subfield>
            <subfield code="u">http://zaguan.unizar.es/record/65621/files/texto_completo.jpg?subformat=icon</subfield>
            <subfield code="x">icon</subfield>
            <subfield code="y">Versión publicada</subfield>
        </datafield>
        <datafield tag="909" ind1="C" ind2="O">
            <subfield code="o">oai:zaguan.unizar.es:65621</subfield>
            <subfield code="p">articulos</subfield>
            <subfield code="p">driver</subfield>
        </datafield>
        <datafield tag="951" ind1=" " ind2=" ">
            <subfield code="a">2018-09-11-13:27:53</subfield>
        </datafield>
        <datafield tag="980" ind1=" " ind2=" ">
            <subfield code="a">ARTICLE</subfield>
        </datafield>
    </record>

    
</collection>